Strategic Project Management Made Simple: Practical Tools for Leaders and Teams (Record no. 3035)

MARC details
005 - DATE AND TIME OF LATEST TRANSACTION
control field 20250612114019.0
020 ## - INTERNATIONAL STANDARD BOOK NUMBER
International Standard Book Number 978-0-470-41158-2
082 ## - DEWEY DECIMAL CLASSIFICATION NUMBER
Classification number 658. 401 SCH
100 ## - MAIN ENTRY--PERSONAL NAME
Author name SCHMIDT, T.
245 ## - TITLE STATEMENT
Title Strategic Project Management Made Simple: Practical Tools for Leaders and Teams
260 ## - PUBLICATION, DISTRIBUTION, ETC.
Place of publication, distribution, etc. New Jersey,
Name of publisher, distributor, etc. John & Sons Inc,
Date of publication, distribution, etc. 2009.
300 ## - PHYSICAL DESCRIPTION
Extent xix, 251p.: Ill.; figures, table.
Other physical details Index,
Dimensions 24cm.
856 ## - ELECTRONIC LOCATION AND ACCESS
Link text Access online book
Electronic name Strategic Project Management Made Simple: Practical Tools for Leaders and Teams
Path http://www.wiley.com/go/permissions
942 ## - ADDED ENTRY ELEMENTS (KOHA)
Source of classification or shelving scheme Dewey Decimal Classification
Koha item type Books
Holdings
Date last seen Total checkouts Full call number Barcode Cost, replacement price Price effective from Koha item type Lost status Source of classification or shelving scheme Damaged status Not for loan Withdrawn status Home library Current library Shelving location Date acquired Cost, normal purchase price
06/02/2025   658.401 SCH 00000010653 190950.00 06/02/2025 Books   Dewey Decimal Classification       College of Business Education Main Library College of Business Education Main Library General Collection 06/19/2017 63650.00
06/02/2025   658.401 SCH 00000010654 190950.00 06/02/2025 Books   Dewey Decimal Classification       College of Business Education Main Library College of Business Education Main Library Special Reserve Collection 06/19/2017 63650.00
06/12/2025   LECT 658.401 SCH 00000012713 190950.00 06/12/2025 Books   Dewey Decimal Classification       College of Business Education Main Library College of Business Education Main Library General Collection 06/19/2017 63650.00
06/12/2025   LECT 658.401 SCH 00000012714 190950.00 06/12/2025 Books   Dewey Decimal Classification       College of Business Education Main Library College of Business Education Main Library General Collection 06/19/2017 63650.00
06/12/2025   LECT 658.401 SCH 00000012715 190950.00 06/12/2025 Books   Dewey Decimal Classification       College of Business Education Main Library College of Business Education Main Library General Collection 06/19/2017 63650.00